| 000 | 00472nab a2200145Ia 4500 | ||
|---|---|---|---|
| 003 | ES-SlBCS | ||
| 005 | 20210601134623.0 | ||
| 008 | 140529s1986 xxu||||| |||| 00| 0 spa d | ||
| 041 | _aspa | ||
| 100 | 1 |
_aBellarte, Bruno _9220513 |
|
| 245 | 0 | 0 |
_aLa enseñanza de la historia de la pedagogía en la sociedad contemporánea _c Bruno Bellarte |
| 650 | 0 | 4 |
_aEnseñanza de la Pedagogía _9220514 |
| 773 | 0 |
_tAnthropos _gvol. 7, nº. 12, 1986, págs. 129-144 _wRev38 |
|
| 942 | _cAR | ||
| 999 |
_c615396 _d615396 |
||